Eastern Utah Libraries Catalog: Duchesne, Heber, Roosevelt, & Vernal

Angelina Ballerina : Spring fling (Record no. 283655)

MARC details
000 -LEADER
fixed length control field 01570cgm a2200421Ka 4500
005 - DATE AND TIME OF LATEST TRANSACTION
control field 20231114122215.0
007 - PHYSICAL DESCRIPTION FIXED FIELD--GENERAL INFORMATION
fixed length control field vd cvaizq
008 - FIXED-LENGTH DATA ELEMENTS--GENERAL INFORMATION
fixed length control field 140206s2014 xxu j vaeng d
024 1# - OTHER STANDARD IDENTIFIER
Standard number or code 884487114166
028 42 - PUBLISHER NUMBER
Publisher number H182119
Source Hit Entertainment
040 ## - CATALOGING SOURCE
Original cataloging agency TEFMT
Transcribing agency TEFMT
Modifying agency TEF
-- BDX
-- GK8
-- MLN
-- SKYRV
Description conventions
041 1# - LANGUAGE CODE
Language code of text/sound track or separate title eng
-- fre
-- spa
Language code of original and/or intermediate translations of text eng
082 0# - DEWEY DECIMAL CLASSIFICATION NUMBER
Classification number 791.45/75
Edition number 3
092 ## - LOCALLY ASSIGNED DEWEY CALL NUMBER (OCLC)
Classification number
245 00 - TITLE STATEMENT
Title Angelina Ballerina : Spring fling
246 30 - VARYING FORM OF TITLE
Title proper/short title Spring fling.
260 ## - PUBLICATION, DISTRIBUTION, ETC. (IMPRINT)
Place of publication, distribution, etc [United States] :
Name of publisher, distributor, etc Hit Entertainment,
Date of publication, distribution, etc [2014]
264 ## - Production, Publication, Distribution, Manufacture, and Copyright Notice.
Place of production, publication, distribution, manufacture [United States] :
Name of producer, publisher, distributor, manufacturer HIT Entertainment ; director, Davis Doi.
Date of production, publication, distribution, manufacture, or copyr 2014
300 ## - PHYSICAL DESCRIPTION
Extent 1 videodisc (84 min.) :
Other physical details sd., col. ;
Dimensions 4 3/4 in.
511 1# - PARTICIPANT OR PERFORMER NOTE
Participant or performer note Charlotte Spencer, Leah Zabari, Naomi MacDonald.
518 ## - DATE/TIME AND PLACE OF AN EVENT NOTE
Date/time and place of an event note Originally broadcast on PBS as episodes of the television program.
538 ## - SYSTEM DETAILS NOTE
System details note DVD, widescreen, 2.0 Dolby Digital.
546 ## - LANGUAGE NOTE
Language note English, French or Spanish dialogue. Closed-captioned.
650 #1 - SUBJECT ADDED ENTRY--TOPICAL TERM
Topical term or geographic name as entry element Angelina (Fictitious character : Holabird)
Form subdivision Drama.
9 (RLIN) 6472899
650 #1 - SUBJECT ADDED ENTRY--TOPICAL TERM
Topical term or geographic name as entry element Ballerinas
Form subdivision Drama.
9 (RLIN) 5736568
650 #1 - SUBJECT ADDED ENTRY--TOPICAL TERM
Topical term or geographic name as entry element Dance
Form subdivision Drama.
9 (RLIN) 5775187
650 #1 - SUBJECT ADDED ENTRY--TOPICAL TERM
Topical term or geographic name as entry element Ballet
Form subdivision Drama.
9 (RLIN) 6434238
655 #0 - INDEX TERM--GENRE/FORM
Genre/form data or focus term Children's television programs.
9 (RLIN) 5674316
655 #0 - INDEX TERM--GENRE/FORM
Genre/form data or focus term Animated television programs.
9 (RLIN) 5888408
700 1# - ADDED ENTRY--PERSONAL NAME
Personal name Doi, Davis.
9 (RLIN) 66799
700 1# - ADDED ENTRY--PERSONAL NAME
Personal name Spencer, Charlotte.
9 (RLIN) 5675545
700 1# - ADDED ENTRY--PERSONAL NAME
Personal name Zabari, Leah.
9 (RLIN) 5867900
700 1# - ADDED ENTRY--PERSONAL NAME
Personal name Macdonald, Naomi.
9 (RLIN) 5867899
710 2# - ADDED ENTRY--CORPORATE NAME
Corporate name or jurisdiction name as entry element Hit Entertainment.
9 (RLIN) 66216
730 0# - ADDED ENTRY--UNIFORM TITLE
Uniform title Angelina Ballerina (Television program)
9 (RLIN) 51634
942 ## - ADDED ENTRY ELEMENTS (KOHA)
Koha item type DVD
Source of classification or shelving scheme Dewey Decimal Classification
948 ## - LOCAL PROCESSING INFORMATION (OCLC); SERIES PART DESIGNATOR (RLIN)
Series part designator, SPT (RLIN) 04/30/2014
z (OCLC) Sirsi
Holdings
Withdrawn status Lost status Source of classification or shelving scheme Damaged status Not for loan Collection code Home library Current library Shelving location Date acquired Source of acquisition Cost, normal purchase price Total Checkouts Total Renewals Full call number Barcode Date last seen Date checked out Cost, replacement price Price effective from Koha item type
    Dewey Decimal Classification     Children Movies Wasatch County Library Wasatch County Library Audio Visual Area 04/30/2014   14.98 63 11 E DVD Ang 34301001289083 03/31/2025 03/17/2025 14.98 03/20/2020 DVD
This project was made possible through a grant from the Institute of Museum and Library Service administered by the Utah State Library Division.

Wasatch County Library

  • 465 East 1200 South, Heber City, Utah 84032
  • Phone 435-654-1511 | Fax 435-654-6456

Hours

  • Monday - Friday 9:30 AM - 8:00 PM
  • Saturday 9:30 AM - 1:30 PM
  • Closed Sundays and Holidays